Statistics for Taiwan Country Quiz

Click here to take the quiz!

General Stats

  • This quiz has been taken 13,477 times
    (9,361 since last reset)
  • The average score is 11 of 17

Answer Stats

QuestionAnswer% Correct
Capital of TaiwanTaipei
98%
Country which occupied Taiwan
from 1895–1945
Japan
94%
Most common religion
(not including folk religions)
Buddhism
92%
International body that expelled
Taiwan in 1971
United Nations
91%
Sailing due south from Taiwan, what is
the first country you would reach?
Philippines
86%
Most popular sportBaseball
75%
Object depicted on Taiwan's flagThe Sun
68%
Official name of TaiwanRepublic of China
67%
Type of "tea" that often contains
tapioca balls
{Bubble} Tea
63%
World's tallest building 2004–2010
(hint: capital + number)
Taipei 101
62%
Nickname of the vibrant economies of
Taiwan, Hong Kong, Singapore,
and South Korea
Four Asian
{Tiger}s
56%
Former name of the island of TaiwanFormosa
55%
Currency of TaiwanNew Taiwan Dollar
51%
Generalissimo who established Taiwan
after fleeing the mainland in 1949
Chiang Kai-Shek
45%
Highest mountain{Yu} Shan
40%
Body of water dividing China and Taiwan{Taiwan} Strait
38%
Taiwanese company that makes
iPhones in China
{Fox}conn
35%

Score Distribution

Percentile by Number Answered

Percent of People with Each Score

Your Score History

You have not taken this quiz since the last reset